UBT Library

Roget's II : (Record no. 44913)

000 -LEADER
fixed length control field 00763cam a2200253 a 4500
001 - CONTROL NUMBER
control field 2070947
005 - DATE AND TIME OF LATEST TRANSACTION
control field 20180313094809.0
008 - FIXED-LENGTH DATA ELEMENTS--GENERAL INFORMATION
fixed length control field 941101s1995 mau d 000 0 eng
010 ## - LIBRARY OF CONGRESS CONTROL NUMBER
LC control number 94042879
020 ## - INTERNATIONAL STANDARD BOOK NUMBER
International Standard Book Number 0395687225
020 ## - INTERNATIONAL STANDARD BOOK NUMBER
International Standard Book Number 039573679X (deluxe edition)
040 ## - CATALOGING SOURCE
Original cataloging agency DLC
Transcribing agency DLC
Modifying agency DLC
041 ## - LANGUAGE CODE
Language code of text/sound track or separate title eng
080 ## - UNIVERSAL DECIMAL CLASSIFICATION NUMBER
Universal Decimal Classification number 423.1 BOS
082 00 - DEWEY DECIMAL CLASSIFICATION NUMBER
Classification number 423.1 BOS
Edition number 20
100 ## - Rafti
Rafti 23
101 ## - Shkurtesa
Shkurtesa FJA
245 00 - TITLE STATEMENT
Title Roget's II :
Statement of responsibility, etc by the editors of The American Heritage Dictionaries.
246 3# - VARYING FORM OF TITLE
Title proper/short title Roget's 2
246 3# - VARYING FORM OF TITLE
Title proper/short title Roget's two
906 ## - LOCAL DATA ELEMENT F, LDF (RLIN)
a 7
b cbc
c orignew
d 1
e ocip
f 19
g y-gencatlg
942 ## - ADDED ENTRY ELEMENTS (KOHA)
Source of classification or shelving scheme
Item type Books
Holdings
Withdrawn status Lost status Source of classification or shelving scheme Damaged status Not for loan Collection code Permanent location Current location Shelving location Date acquired Total Checkouts Full call number Barcode Date last seen Price effective from Koha item type
          Koleksioni i përgjithshem UBT - Lipjan UBT - Lipjan Koleksioni i përgjithshem 03/13/2018   423.1 BOS 002-3002106 03/13/2018 03/13/2018 Books
UBT Library © 2015-2024. All rights reserved University Education for Business and Technology